| 000 | 00868nam a2200277 i 4500 | ||
|---|---|---|---|
| 001 | 619 | ||
| 003 | KOSZ 005 | ||
| 005 | 20190725095040.0 | ||
| 008 | 950505s1977 ru f |000 0 rusod | ||
| 040 |
_cKOSZ 005 _aKOSZ 005/HR |
||
| 080 | _a53 | ||
| 100 |
_aStrelkov, S., P. _eAutor |
||
| 245 | 0 |
_aSbornik zadač po obščemu kursu fiziki. _nT. 1, _pMechanika. |
|
| 250 | _aIzd. 4 pererab. i dopol. | ||
| 260 |
_aMoskva : _b"Nauka", _c1977. |
||
| 300 |
_a288 s. : _bil. ; _c21 cm. |
||
| 336 |
_2rdacontent _aTekst _btxt |
||
| 337 |
_2rdamedia _aBez urządzenia pośredniczącego _bn |
||
| 338 |
_2rdacarrier _aWolumin _bnc |
||
| 380 | _aKsiążki | ||
| 388 | _a1901-2000 | ||
| 658 | _aFizyka i astronomia | ||
| 650 | 4 | _aFizyka | |
| 856 |
_uhttp://koha.tu.koszalin.pl/cgi-bin/koha/opac-detail.pl?biblionumber=619 _yKatalog online BPK |
||
| 942 |
_cKS _2UKD |
||
| 999 |
_c619 _d619 |
||